000 00890nam a22002657a 4500
005 20130813110952.0
008 130813b2011 ck ||||| |||| 00| 0 spa d
020 _a9789589386637
041 _aspa
044 _ack
082 _a636.2
_bG195g
245 0 _aGanadería colombiana sostenible
246 _aMainstreaming biodiversity in sustainable cattle ranching
260 _aCali
_bCIPAV
_c2011
300 _a158 p.
_bil. (col), tablas
_c22 cm.
650 _aGanadería
_xAspectos ambientales
_zColombia
_91474
650 6 _aMedio ambiente
_zColombia
_91435
650 6 _aConservación de los recursos agrícolas
_zColombia
_91475
650 6 _aAlimentos para animales
_zColombia
_91476
700 _aChará, Julián
_eed.
_91477
700 _aMurgueitio-R., Enrique
_eed
_91478
700 _aZuluaga, Andrés
_eed
_91479
700 _aGiraldo, Carolina
_eed
_91480
942 _2ddc
_cImpreso
999 _c7546
_d7546